Normal view
MARC view
- Pakistan Army
Entry Personal Name
001 - CONTROL NUMBER
- control field: 9121
003 - CONTROL NUMBER IDENTIFIER
- control field: NUST
005 - DATE AND TIME OF LATEST TRANSACTION
- control field: 20180119185600.0
008 - FIXED-LENGTH DATA ELEMENTS
- fixed length control field: 180119|| aca||aabn | a|a d
040 ## - CATALOGING SOURCE
- Original cataloging agency: NUST
- Transcribing agency: NUST
100 ## - HEADING--PERSONAL NAME
- Personal name: Pakistan Army
670 ## - SOURCE DATA FOUND
- Source citation: Work cat.: (NUST)313924: Pakistan Army, Pakistan Army Green Book 1996 (Logistics-A Key to Success), 1996
